00751nam a22001937a 450000500170000001000150001702000260003203500140005803700130007208200060008524501040009126000490019527000780024430000250032270000290034794200200037699900190039695201420041520240103121606.0 aENG-135798 a9769390961313c495.00 aEN-119330 bDBAD/PUB aS aNo Return Address:bPartition and Stories of Displacement/cCompiled and edited by Manjira Majumdar aNew DelhibVitasta Publishing Pvt. Ltdc2022 a2/15 Ansari Road DaryaganjbNew Delhie110002minfo@vitastapublishing.com axi, 214p.c20cm(pbk) aMajumdar, Manjira960589 2ddccENhSmRET c194169d194169 001040708FICaAVbAVd2022-12-09eDBAD/PUBg495.00l2m1oS RETpEN-119330r2025-01-07 00:00:00s2024-12-10t1v495.00w2022-12-09yEN